000 00792cam a2200217 4500
001 WB3711-04
008 000000n2001 000 0 eng u
035 _a(Sirsi) u111395
245 _aSurvey reveals optimism
260 _c2001
490 _aBuilding Trade and Industry
_v17(3) March 2001, 2(1)
520 _aThe Construction Confederation's "Construction Trends Survey" for the fourth quarter of 2000 indicates a new level of optimism in the industry, with rising output, improved tendering success and an increase in new enquiries.
590 _aWB
650 _aCONSTRUCTION INDUSTRY
650 _aTENDERING
650 _aCONSTRUCTION OUTPUT
650 _aCONSTRUCTION CONFEDERATION
650 _aENQUIRIES
690 _aBUILT ENVIRONMENT-CONSTRUCTION MARKET
942 _n0
999 _c66369
_d66369